| 000 -ლიდერი |
| ფიქსირებული სიგრძის საკონტროლო ველი |
01758nam a22002057a 4500 |
| 003 - საკონტროლო ნომრის იდენტიფიკატორი |
| საკონტროლო ველი |
Ge_BSU |
| 005 - ბოლო ოპერაციის თარიღი და დრო |
| საკონტროლო ველი |
20230602124109.0 |
| 008 - ფიქსირებული სიგრძის მონაცემთა ელემენტები - ზოგადი ინფორმაცია |
| ფიქსირებული სიგრძის საკონტროლო ველი |
230602s1978 ge ||||| |||| 00| 0 geo d |
| 041 ## - ენის კოდი |
| Language code of text/sound track or separate title |
geo |
| 080 ## - უნივერსალური ათობითი კლასიფიკაციის ინდექსი |
| Universal Decimal Classification number |
903.4(479.22) მ-92 |
| 100 ## - მთავარი ჩანაწერი - პიროვნების სახელი |
| Personal name |
მუსხელიშვილი, დავით |
| 9 (RLIN) |
18428 |
| 245 ## - ცნობა სათაურის შესახებ |
| Title |
ხოვლეს ნამოსახლარის არქეოლოგიური მასალა / |
| Statement of responsibility, etc |
დავით მუსხელიშვილი; რედ. რ. აბრამიშვილი; საქ. სსრ მეცნ. აკადემია. საქართველოს არქეოლოგიური კომისია. ივ. ჯავახიშვილის სახ. ისტორიის, არქეოლოგიისა და ეთნოგრაფიის ინ-ტი. არქეოლოგიური კვლევ. ცენტრი. |
| 264 ## - წარმოების, გამოცემის, დისტრიბუციის და სხვა ცნობები |
| გამოცემის, წარმოების, დისტრიბუციის... ადგილი |
თბილისი : |
| გამოცემის, წარმოების, დისტრიბუციის... სახელწოდება |
მეცნიერება, |
| გამოცემის, წარმოების, დისტრიბუციის... თარიღი |
1978. |
| 300 ## - ფიზიკური აღწერა |
| Extent |
108 გვ. : |
| Other physical details |
32 ფ. ილ. ; |
| Dimensions |
25 სმ. |
| 520 ## - SUMMARY, ETC. |
| Summary, etc |
რეზ. რუს ენ. |
| 653 ## - INDEX TERM--UNCONTROLLED |
| Uncontrolled term |
ნამოსახლარები საქართველოში |
| 700 ## - ADDED ENTRY--PERSONAL NAME |
| Personal name |
აბრამიშვილი, რ. |
| Relator term |
რედაქტორი |
| 9 (RLIN) |
18429 |
| 710 ## - ADDED ENTRY--CORPORATE NAME |
| Corporate name or jurisdiction name as entry element |
საქ. სსრ მეცნ. აკადემია. საქართველოს არქეოლოგიური კომისია. |
| Subordinate unit |
ივ. ჯავახიშვილის სახ. ისტორიის, არქეოლოგიისა და ეთნოგრაფიის ინ-ტი. არქეოლოგიური კვლევ. ცენტრი. |
| 9 (RLIN) |
18430 |
| 942 ## - ADDED ENTRY ELEMENTS (KOHA) |
| Source of classification or shelving scheme |
|
| Koha item type |
წიგნი |